Texas Tech Alumni - Statistics

General Stats
  • This quiz has been taken 17 times
    2 since last reset
  • The average score is 7 of 13
Answer Stats
Hint Answer % Correct
Defensive end who plays for the New York Jets and was selected second overall in the 2026 NFL Draft David Bailey
100%
Singer, "Take Me Home, Country Roads" "Annie's Song" John Denver
100%
Quarterback who plays for the Kansas City Chiefs and 2018 and 2022 NFL MVP Patrick Mahomes
100%
Former wide receiver who played most notably for the New England Patriots Danny Amendola
50%
Football head coach at Baylor since 2020 Dave Aranda
50%
Football head coach at Oklahoma State since 2026 Eric Morris
50%
Former football head coach at his alma mater from 2013 to 2018 and Arizona Cardinals from 2019 to 2022 Kliff Kingsbury
50%
Football head coach at USC since 2022 Lincoln Riley
50%
Hall of Fame shooting guard, first player signed in the WNBA and three time WNBA MVP Sheryl Swoopes
50%
Football head coach at TCU since 2022 Sonny Dykes
50%
Former wide receiver who played most notably for the New England Patriots Wes Welker
50%
President of Panama from 1969 to 1978 Demetrio B. Lakas
0%
Head coach of the Texas Tech Lady Raiders basketball team since 2020 Krista Gerlich
0%
No matching quizzes found
Score Distribution
Percent of People with Each Score
Percentile by Number Answered
Your Score History
You have not taken this quiz since the last reset